Quel bonheur pour nos enfants ? (notice n° 1640999)
[ vue normale ]
| 000 -LEADER | |
|---|---|
| fixed length control field | 01450cam a2200253 4500500 |
| 005 - DATE AND TIME OF LATEST TRANSACTION | |
| control field | 20260201101733.0 |
| 041 ## - LANGUAGE CODE | |
| Language code of text/sound track or separate title | fre |
| 042 ## - AUTHENTICATION CODE | |
| Authentication code | dc |
| 100 10 - MAIN ENTRY--PERSONAL NAME | |
| Personal name | Carrade, Jean-Baptiste |
| Relator term | author |
| 245 00 - TITLE STATEMENT | |
| Title | Quel bonheur pour nos enfants ? |
| 260 ## - PUBLICATION, DISTRIBUTION, ETC. | |
| Date of publication, distribution, etc. | 2008.<br/> |
| 500 ## - GENERAL NOTE | |
| General note | 28 |
| 520 ## - SUMMARY, ETC. | |
| Summary, etc. | RésuméLa question du bonheur des enfants n’a pas toujours préoccupé les adultes. On s’aperçoit de nos jours qu’à trop s’en soucier, on n’évite pas un grand nombre d’inquiétudes sur eux et leur avenir, comme si l’idée que nous nous faisons de leur bonheur ne dépendait que des soins que nous leur fournissons et qui ne sont pas toujours adéquats. Ce que nous imaginons sur cette question (et qui alimente des débats parfois inquiétants) n’est peut-être pas aussi certain qu’il nous paraît si nous acceptons que dans les déterminants du bien-être intérieur, il y a aussi la responsabilité de chaque sujet qui est engagée, qu’il soit enfant ou non. La condition à préserver prioritairement est donc qu’il y ait du sujet qui ait quelque chose à dire de son énigme. |
| 690 ## - LOCAL SUBJECT ADDED ENTRY--TOPICAL TERM (OCLC, RLIN) | |
| Topical term or geographic name as entry element | famille |
| 690 ## - LOCAL SUBJECT ADDED ENTRY--TOPICAL TERM (OCLC, RLIN) | |
| Topical term or geographic name as entry element | gestion |
| 690 ## - LOCAL SUBJECT ADDED ENTRY--TOPICAL TERM (OCLC, RLIN) | |
| Topical term or geographic name as entry element | malaise |
| 690 ## - LOCAL SUBJECT ADDED ENTRY--TOPICAL TERM (OCLC, RLIN) | |
| Topical term or geographic name as entry element | masse |
| 690 ## - LOCAL SUBJECT ADDED ENTRY--TOPICAL TERM (OCLC, RLIN) | |
| Topical term or geographic name as entry element | père |
| 690 ## - LOCAL SUBJECT ADDED ENTRY--TOPICAL TERM (OCLC, RLIN) | |
| Topical term or geographic name as entry element | réalité |
| 690 ## - LOCAL SUBJECT ADDED ENTRY--TOPICAL TERM (OCLC, RLIN) | |
| Topical term or geographic name as entry element | structure |
| 690 ## - LOCAL SUBJECT ADDED ENTRY--TOPICAL TERM (OCLC, RLIN) | |
| Topical term or geographic name as entry element | sujet |
| 786 0# - DATA SOURCE ENTRY | |
| Note | Empan | 71 | 3 | 2008-11-21 | p. 100-108 | 1152-3336 |
| 856 41 - ELECTRONIC LOCATION AND ACCESS | |
| Uniform Resource Identifier | <a href="https://shs.cairn.info/revue-empan-2008-3-page-100?lang=fr&redirect-ssocas=7080">https://shs.cairn.info/revue-empan-2008-3-page-100?lang=fr&redirect-ssocas=7080</a> |
Pas d'exemplaire disponible.




Réseaux sociaux